[Event "BL 1112 (Women)"]
[Site "Germany"]
[Date "2012.02.12"]
[Round "9.5"]
[White "Kryger, Oksana"]
[Black "Klink, Tamara"]
[Result "1-0"]
[WhiteElo "2212"]
[BlackElo "2306"]
[PlyCount "65"]
[EventDate "2011.10.29"]
[EventType "team-tourn"]
[EventRounds "11"]
[EventCountry "GER"]
[SourceTitle "EXT 2013"]
[Source "ChessBase"]
[SourceDate "2012.11.22"]
[SourceVersion "1"]
[SourceVersionDate "2012.11.22"]
[SourceQuality "1"]
[WhiteTeam "Muelheim Nord (W)"]
[BlackTeam "Baden-Baden (W)"]
[WhiteTeamCountry "GER"]
[BlackTeamCountry "GER"]

1. d4 c5 2. d5 e5 3. e4 d6 4. Bb5+ Bd7 5. a4 Nf6 6. Nc3 a6 7. Bxd7+ Nbxd7 8. a5 g6 9. Nf3 Bg7 10. 0-0 0-0 11. Qe2 Nh5 12. g3 Qe7 13. Nd2 Ndf6 14. Nc4 Ne8 15. Ra3 f6 16. f4 Bh8 17. f5 Nhg7 18. Be3 Nc7 19. Rb3 Rab8 20. fxg6 hxg6 21. Qg4 f5 22. Qxg6 f4 23. gxf4 Rf6 24. Qg3 exf4 25. Rxf4 Nb5 26. Nxb5 axb5 27. Rxf6 bxc4 28. Re6 Qf7 29. Ra3 Qh5 30. Ra1 Rf8 31. Rh6 Qe2 32. Re1 Qxc2 33. Qh3 1-0

[Event "BL 1011 (Women)"]
[Site "Germany"]
[Date "2011.01.29"]
[Round "6.5"]
[White "Klink, Tamara"]
[Black "Stemmler, Lysan"]
[Result "1-0"]
[WhiteElo "2306"]
[BlackElo "1835"]
[PlyCount "115"]
[EventDate "2010.11.06"]
[EventType "team-tourn"]
[EventRounds "11"]
[EventCountry "GER"]
[SourceTitle "EXT 2012"]
[Source "ChessBase"]
[SourceDate "2011.11.24"]
[SourceVersion "1"]
[SourceVersionDate "2011.11.24"]
[SourceQuality "1"]
[WhiteTeam "Baden-Baden (W)"]
[BlackTeam "Torgelow (W)"]
[WhiteTeamCountry "GER"]
[BlackTeamCountry "GER"]

1. e4 d6 2. d4 Nf6 3. Nc3 g6 4. Nf3 Bg7 5. Be2 0-0 6. 0-0 Nc6 7. d5 Nb8 8. Be3 e5 9. dxe6 fxe6 10. Qd2 Nc6 11. Rad1 Qe7 12. Bg5 Qf7 13. Bc4 Na5 14. Bd3 Nc6 15. e5 Nxe5 16. Nxe5 dxe5 17. Rfe1 Nd5 18. Ne4 b6 19. Bc4 Bb7 20. Bb3 Bc6 21. f3 Kh8 22. Nf2 Nf4 23. Bxf4 exf4 24. Rxe6 Ba4 25. Rxb6 Bxb3 26. Rxb3 c5 27. c3 Qc7 28. Qd6 Qa5 29. Ra3 Qb5 30. Rd2 Qe8 31. Ne4 c4 32. Qd7 Qb8 33. Ra6 Qe5 34. Qd5 Qxd5 35. Rxd5 Rfb8 36. Rd2 Rb6 37. Ra4 Rc6 38. Rd6 Rc7 39. Raa6 Rb8 40. Rd2 Rcb7 41. Ra4 Rc8 42. Nd6 Rd7 43. Rxa7 Rxd6 44. Rxd6 Bf8 45. Rd5 Bc5+ 46. Rxc5 Rxc5 47. Rb7 Ra5 48. a3 h5 49. g3 fxg3 50. hxg3 Kg8 51. Kf2 Kf8 52. f4 g5 53. fxg5 Rf5+ 54. Kg2 Rxg5 55. Kh3 Ke8 56. Rb4 Rc5 57. Kh4 Kd7 58. a4 1-0

[Event "BL 1011 (Women)"]
[Site "Germany"]
[Date "2010.11.06"]
[Round "1.5"]
[White "Gromova, Iulia"]
[Black "Klink, Tamara"]
[Result "1-0"]
[WhiteElo "2241"]
[BlackElo "2306"]
[PlyCount "115"]
[EventDate "2010.11.06"]
[EventType "team-tourn"]
[EventRounds "11"]
[EventCountry "GER"]
[SourceTitle "EXT 2012"]
[Source "ChessBase"]
[SourceDate "2011.11.24"]
[SourceVersion "1"]
[SourceVersionDate "2011.11.24"]
[SourceQuality "1"]
[WhiteTeam "Bad Koenigshofen (W)"]
[BlackTeam "Baden-Baden (W)"]
[WhiteTeamCountry "GER"]
[BlackTeamCountry "GER"]

1. d4 d5 2. c4 c6 3. Nf3 Nf6 4. e3 Bf5 5. Nc3 e6 6. Nh4 Bg6 7. Qb3 b6 8. cxd5 exd5 9. Nxg6 hxg6 10. Be2 Bd6 11. Bd2 Nbd7 12. Bf3 Rc8 13. 0-0-0 0-0 14. h4 b5 15. Kb1 Re8 16. g4 Ne4 17. Nxe4 dxe4 18. Be2 Nf6 19. Bb4 Nd5 20. Bxd6 Qxd6 21. g5 a5 22. Rc1 a4 23. Qc2 a3 24. Qc5 Qxc5 25. Rxc5 b4 26. Bc4 Nb6 27. Bb3 Nd7 28. Rc4 axb2 29. Rxb4 Rb8 30. Rxb8 Rxb8 31. Kxb2 c5 32. Rc1 cxd4 33. exd4 Kf8 34. Rc7 Ke7 35. Kc3 Kd6 36. Ra7 f5 37. a4 Rc8+ 38. Kd2 Rb8 39. Ra6+ Ke7 40. Re6+ Kd8 41. Kc3 Rc8+ 42. Bc4 Nf8 43. Rb6 f4 44. a5 f3 45. Rb1 Nd7 46. Re1 Ra8 47. Kb4 Nb8 48. Bb5 Na6+ 49. Bxa6 Rxa6 50. Rxe4 Rc6 51. Rf4 Rc1 52. Rxf3 Rd1 53. Kc5 Ra1 54. Rf8+ Ke7 55. Ra8 Rc1+ 56. Kd5 Rf1 57. a6 Rxf2 58. a7 1-0

[Event "BL 0910 (Women)"]
[Site "Germany"]
[Date "2009.11.08"]
[Round "2.4"]
[White "Klink, Tamara"]
[Black "Stitterich, Nadine"]
[Result "1-0"]
[WhiteElo "2289"]
[BlackElo "1956"]
[PlyCount "105"]
[EventDate "2009.11.07"]
[EventType "team-tourn"]
[EventRounds "11"]
[EventCountry "GER"]
[SourceTitle "CBM 133 Extra"]
[Source "ChessBase"]
[SourceDate "2010.01.05"]
[SourceVersion "1"]
[SourceVersionDate "2010.01.05"]
[SourceQuality "1"]
[WhiteTeam "Baden-Baden (W)"]
[BlackTeam "Wolfbusch (W)"]
[WhiteTeamCountry "GER"]
[BlackTeamCountry "GER"]

1. e4 c5 2. Nf3 e6 3. d4 cxd4 4. Nxd4 Nc6 5. Nc3 Qc7 6. g3 d6 7. Bg2 Bd7 8. 0-0 a6 9. Be3 Nf6 10. f4 Be7 11. Qe2 h6 12. a4 0-0 13. Nb3 Rac8 14. a5 Nb4 15. Rad1 Rfe8 16. h3 Qb8 17. g4 Nh7 18. Qd2 Rf8 19. Bb6 Bd8 20. Rf2 Bh4 21. Re2 Bf6 22. Qxd6 Qxd6 23. Rxd6 Bxc3 24. bxc3 Bb5 25. Red2 Rxc3 26. Nd4 Ba4 27. e5 Nd5 28. Bxd5 exd5 29. Rd3 Rxd3 30. cxd3 Rc8 31. Rxd5 Nf8 32. Rd6 Ng6 33. e6 fxe6 34. Nxe6 Nh4 35. Rd8+ Rxd8 36. Bxd8 Ng6 37. f5 Ne5 38. d4 Nc4 39. d5 Bd7 40. Nc5 Bc8 41. Bc7 Kf7 42. Kf2 g6 43. fxg6+ Kxg6 44. Kf3 Kf6 45. Kf4 Ke7 46. h4 Nd6 47. g5 hxg5+ 48. hxg5 Nf7 49. g6 Nh6 50. Kg5 Ng8 51. Be5 Ke8 52. d6 Kd8 53. g7 1-0

[Event "BL 0506 (Women)"]
[Site "Germany"]
[Date "2006.04.09"]
[Round "11.5"]
[White "Klink, Tamara"]
[Black "Kube, Hannelore"]
[Result "1-0"]
[WhiteElo "2322"]
[BlackElo "2003"]
[PlyCount "39"]
[EventDate "2005.10.29"]
[EventType "team-tourn"]
[EventRounds "11"]
[EventCountry "GER"]
[SourceTitle "EXT 2007"]
[Source "ChessBase"]
[SourceDate "2006.11.23"]
[SourceVersion "1"]
[SourceVersionDate "2006.11.23"]
[SourceQuality "1"]
[WhiteTeam "Baden-Baden (W)"]
[BlackTeam "Zeulenroda"]
[WhiteTeamCountry "GER"]
[BlackTeamCountry "GER"]

1. e4 e5 2. Nf3 Nf6 3. Nc3 Nc6 4. d4 exd4 5. Nxd4 Bb4 6. Nxc6 bxc6 7. Bd3 d5 8. exd5 cxd5 9. 0-0 0-0 10. Bg5 c6 11. Qf3 Be7 12. Rfe1 Re8 13. Re5 Ng4 14. Rxe7 Rxe7 15. Bxe7 Qxe7 16. Ne2 Bd7 17. h3 Ne5 18. Qe3 Re8 19. Qxa7 Qb4 20. Nd4 1-0

[Event "BL 0506 (Women)"]
[Site "Germany"]
[Date "2006.04.08"]
[Round "10.5"]
[White "Mader, Manuela"]
[Black "Klink, Tamara"]
[Result "1/2-1/2"]
[WhiteElo "2041"]
[BlackElo "2322"]
[PlyCount "129"]
[EventDate "2005.10.29"]
[EventType "team-tourn"]
[EventRounds "11"]
[EventCountry "GER"]
[SourceTitle "EXT 2007"]
[Source "ChessBase"]
[SourceDate "2006.11.23"]
[SourceVersion "1"]
[SourceVersionDate "2006.11.23"]
[SourceQuality "1"]
[WhiteTeam "Walldorf"]
[BlackTeam "Baden-Baden (W)"]
[WhiteTeamCountry "GER"]
[BlackTeamCountry "GER"]

1. e4 c5 2. c3 Nf6 3. e5 Nd5 4. Nf3 Nc6 5. Bc4 Nb6 6. Bb3 d5 7. exd6 Qxd6 8. Na3 a6 9. d4 cxd4 10. cxd4 e6 11. 0-0 Be7 12. Be3 0-0 13. Nc4 Nxc4 14. Bxc4 b5 15. Bd3 Bb7 16. a3 Rad8 17. Qc2 f5 18. Rad1 Qd5 19. Rfe1 Bf6 20. Bf1 Rc8 21. Qd2 Rfd8 22. Bg5 Nxd4 23. Nxd4 Qxd4 24. Qe2 Qe4 25. Qh5 Qg4 26. Qxg4 fxg4 27. Rxd8+ Rxd8 28. Bxf6 gxf6 29. Rxe6 Rd1 30. Re3 Rb1 31. f3 gxf3 32. gxf3 Rxb2 33. Re6 Kf7 34. Rb6 Bxf3 35. Rxa6 Bd1 36. Bd3 h6 37. Bf5 Bf3 38. Bh3 Be2 39. Bf5 Bc4 40. Ra7+ Ke8 41. Rh7 Ra2 42. Rxh6 Ke7 43. Rh7+ Kd6 44. Ra7 Ke5 45. Bh3 f5 46. Bg2 Bd3 47. Bc6 b4 48. Ra5+ Kd6 49. axb4 Rxa5 50. bxa5 Kxc6 51. Kf2 Kd5 52. Ke3 Ba6 53. Kf4 Ke6 54. h4 Be2 55. Ke3 Bf1 56. Kf4 Kf6 57. h5 Bd3 58. Ke3 Be4 59. Kf4 Bd3 60. Ke3 Bc2 61. Kf4 Bd3 62. Ke3 Ba6 63. Kf4 Bc8 64. h6 Ba6 65. h7 1/2-1/2

[Event "BL 0506 (Women)"]
[Site "Germany"]
[Date "2006.03.05"]
[Round "9.5"]
[White "Stemmler, Lysan"]
[Black "Klink, Tamara"]
[Result "0-1"]
[WhiteElo "1728"]
[BlackElo "2322"]
[PlyCount "124"]
[EventDate "2005.10.29"]
[EventType "team-tourn"]
[EventRounds "11"]
[EventCountry "GER"]
[SourceTitle "EXT 2007"]
[Source "ChessBase"]
[SourceDate "2006.11.23"]
[SourceVersion "1"]
[SourceVersionDate "2006.11.23"]
[SourceQuality "1"]
[WhiteTeam "Torgelow (W)"]
[BlackTeam "Baden-Baden (W)"]
[WhiteTeamCountry "GER"]
[BlackTeamCountry "GER"]

1. e4 c5 2. c3 Nf6 3. e5 Nd5 4. d4 cxd4 5. Nf3 Nc6 6. cxd4 d6 7. Bc4 e6 8. 0-0 Be7 9. Bxd5 exd5 10. Nc3 dxe5 11. Nxe5 0-0 12. f4 Nxe5 13. fxe5 Be6 14. Bf4 a6 15. a4 Rc8 16. Qd3 Qb6 17. Rf2 Rc4 18. Be3 Rfc8 19. Ne2 Qxb2 20. Rb1 Qa3 21. Qxa3 Bxa3 22. Rxb7 Rxa4 23. Nf4 Bc1 24. Bxc1 Rxc1+ 25. Rf1 Rxf1+ 26. Kxf1 h6 27. Rb8+ Kh7 28. Nxe6 fxe6 29. Rb6 a5 30. Rxe6 Rxd4 31. Ke2 a4 32. Ke3 Re4+ 33. Kd3 Kg8 34. Re7 Kf8 35. Ra7 Rxe5 36. Rxa4 Kf7 37. Ra7+ Kf6 38. Rd7 Rg5 39. g3 Ke6 40. Ra7 Ke5 41. Re7+ Kd6 42. Rf7 Rg4 43. Ra7 g6 44. Ke3 Re4+ 45. Kd3 Ke6 46. Ra6+ Kf7 47. Rd6 Ra4 48. Rxd5 Ra2 49. Ke4 Rxh2 50. Kf4 Rf2+ 51. Kg4 Re2 52. Ra5 Kf6 53. Kf3 Re5 54. Ra4 Kf5 55. Rh4 Kg5 56. Rg4+ Kf6 57. Ra4 Rf5+ 58. Kg4 h5+ 59. Kh4 Rf3 60. Ra6+ Kg7 61. Ra5 Kf6 62. Rg5 Rf1 0-1

[Event "BL 0506 (Women)"]
[Site "Germany"]
[Date "2006.03.04"]
[Round "8.5"]
[White "Klink, Tamara"]
[Black "Heyme, Sibylle"]
[Result "1-0"]
[WhiteElo "2322"]
[BlackElo "2047"]
[PlyCount "99"]
[EventDate "2005.10.29"]
[EventType "team-tourn"]
[EventRounds "11"]
[EventCountry "GER"]
[SourceTitle "EXT 2007"]
[Source "ChessBase"]
[SourceDate "2006.11.23"]
[SourceVersion "1"]
[SourceVersionDate "2006.11.23"]
[SourceQuality "1"]
[WhiteTeam "Baden-Baden (W)"]
[BlackTeam "Pankow (W)"]
[WhiteTeamCountry "GER"]
[BlackTeamCountry "GER"]

1. e4 d6 2. d4 Nf6 3. Nc3 g6 4. Nf3 Bg7 5. Bc4 c6 6. e5 dxe5 7. Nxe5 0-0 8. 0-0 Nbd7 9. Bg5 Nb6 10. Bb3 Nbd5 11. Re1 Be6 12. Qd2 Qc7 13. Nxd5 cxd5 14. Bh6 Rac8 15. c3 b5 16. Re2 Bf5 17. Rae1 Rfe8 18. f3 a5 19. g4 Be6 20. a3 Qb7 21. h4 b4 22. cxb4 axb4 23. a4 Qb6 24. Rd1 Rc7 25. h5 Nd7 26. Nxd7 Rxd7 27. Bxg7 Kxg7 28. Rh2 Rh8 29. h6+ Kf8 30. Rc1 Rd8 31. Rc5 f6 32. Qf4 Kf7 33. a5 Qa6 34. Qe3 Rd6 35. Rhc2 Rc8 36. Qd2 Rb8 37. Kg2 Rb5 38. Rxb5 Qxb5 39. Rc5 Qb7 40. Qc2 Qa7 41. Qd3 Qb8 42. Rb5 Qc7 43. Qd2 Rd7 44. Rb6 f5 45. Qe1 Rd6 46. Qe5 Qc8 47. Qg7+ Ke8 48. Ba4+ Kd8 49. Qf8+ Kc7 50. Qxe7+ 1-0

[Event "BL 0506 (Women)"]
[Site "Germany"]
[Date "2005.11.20"]
[Round "4"]
[White "Klink, Tamara"]
[Black "Just, Anita"]
[Result "1/2-1/2"]
[WhiteElo "2307"]
[BlackElo "1917"]
[PlyCount "90"]
[EventDate "2005.10.29"]
[EventType "team-tourn"]
[EventRounds "11"]
[EventCountry "GER"]
[SourceTitle "CBM 109 Extra"]
[Source "ChessBase"]
[SourceDate "2006.01.03"]
[SourceVersion "2"]
[SourceVersionDate "2006.01.03"]
[SourceQuality "1"]

1. e4 e6 2. d4 d5 3. Nc3 Bb4 4. Nge2 Nf6 5. e5 Ne4 6. a3 Nxc3 7. Nxc3 Bxc3+ 8. bxc3 b6 9. Qg4 Kf8 10. Bd3 Ba6 11. 0-0 Bxd3 12. cxd3 Nd7 13. Bg5 Qe8 14. c4 dxc4 15. dxc4 c5 16. Rfe1 h6 17. Be3 cxd4 18. Qxd4 Rc8 19. Rad1 Nc5 20. Qg4 Qe7 21. Bxc5 bxc5 22. Qe4 g6 23. Rd6 Kg7 24. Red1 Rhd8 25. h4 Rxd6 26. exd6 Qd7 27. h5 Kh7 28. hxg6+ fxg6 29. Qe5 Rc6 30. Rd3 h5 31. g3 Rc8 32. Re3 Rd8 33. Rd3 Rc8 34. Re3 Rd8 35. Qxe6 Qxd6 36. Qxd6 Rxd6 37. Re7+ Kh6 38. Rxa7 Rd1+ 39. Kg2 Rc1 40. Ra4 Kg5 41. Kf3 Kf5 42. Ke2 Ke4 43. Kd2 Rf1 44. Ke2 Rc1 45. Kd2 Rf1 1/2-1/2

[Event "Hessenliga 0405"]
[Site "Germany"]
[Date "2005.01.23"]
[Round "5.3"]
[White "Duncker, Joachim"]
[Black "Klink, Tamara"]
[Result "0-1"]
[WhiteElo "2275"]
[BlackElo "2322"]
[PlyCount "67"]
[EventDate "2004.09.26"]
[EventType "team"]
[EventRounds "9"]
[EventCountry "GER"]
[SourceTitle "EXT 2006"]
[Source "ChessBase"]
[SourceDate "2005.11.24"]
[SourceVersion "1"]
[SourceVersionDate "2005.11.24"]
[SourceQuality "1"]
[WhiteTeam "Marburg"]
[BlackTeam "Kassel Hermania"]
[WhiteTeamCountry "GER"]
[BlackTeamCountry "GER"]

1. d4 d5 2. Nf3 Nf6 3. Bf4 e6 4. e3 c5 5. c3 Nc6 6. Nbd2 Be7 7. Bd3 0-0 8. Ne5 Nd7 9. Nxc6 bxc6 10. h3 cxd4 11. exd4 c5 12. 0-0 Qb6 13. Qb3 Ba6 14. Qxb6 axb6 15. Bxa6 Rxa6 16. Bg3 Rc8 17. Nb3 h5 18. a3 h4 19. Bh2 Bf6 20. Rad1 Ra4 21. Rd2 cxd4 22. cxd4 Rc6 23. Re1 b5 24. Be5 Nxe5 25. dxe5 Bg5 26. Rde2 b4 27. Nd4 Rb6 28. b3 Rxa3 29. g3 hxg3 30. fxg3 Rba6 31. h4 Bd8 32. Kg2 Bb6 33. Nb5 Rxb3 34. Nd6 0-1

[Event "Hessenliga 0405"]
[Site "Germany"]
[Date "2004.10.17"]
[Round "2.3"]
[White "Klingelhoefer, Stefan"]
[Black "Klink, Tamara"]
[Result "0-1"]
[WhiteElo "2275"]
[BlackElo "2322"]
[PlyCount "59"]
[EventDate "2004.09.26"]
[EventType "team"]
[EventRounds "9"]
[EventCountry "GER"]
[SourceTitle "EXT 2006"]
[Source "ChessBase"]
[SourceDate "2005.11.24"]
[SourceVersion "1"]
[SourceVersionDate "2005.11.24"]
[SourceQuality "1"]
[WhiteTeam "Giessen"]
[BlackTeam "Kassel Hermania"]
[WhiteTeamCountry "GER"]
[BlackTeamCountry "GER"]

1. Nf3 Nf6 2. d4 d5 3. Bg5 c5 4. c3 e6 5. e3 Nbd7 6. Nbd2 h6 7. Bh4 Be7 8. Bd3 b6 9. Ne5 Nxe5 10. dxe5 Nd7 11. Bxe7 Qxe7 12. f4 Bb7 13. Nf3 0-0 14. 0-0 Rfd8 15. Qe2 a6 16. Rad1 Nf8 17. g4 Bc6 18. g5 h5 19. g6 fxg6 20. Ng5 d4 21. exd4 cxd4 22. c4 b5 23. cxb5 Bxb5 24. Bxb5 axb5 25. Qxb5 Rdb8 26. Qc6 Rxa2 27. Rxd4 Rbxb2 28. Nf3 Qa7 29. Re1 Rg2+ 30. Kh1 0-1

[Event "BL 0304 (Women)"]
[Site "Germany"]
[Date "2004.04.17"]
[Round "10.4"]
[White "Higgelke, Anne"]
[Black "Klink, Tamara"]
[Result "1/2-1/2"]
[WhiteElo "1734"]
[BlackElo "2301"]
[PlyCount "75"]
[EventDate "2003.11.29"]
[EventType "team-tourn"]
[EventRounds "11"]
[EventCountry "GER"]
[SourceTitle "EXT 2005"]
[Source "ChessBase"]
[SourceDate "2004.11.15"]
[SourceVersion "1"]
[SourceVersionDate "2004.11.15"]
[SourceQuality "1"]
[WhiteTeam "Torgelow"]
[BlackTeam "Baden Oos (W)"]
[WhiteTeamCountry "GER"]
[BlackTeamCountry "GER"]

1. c4 e5 2. Nc3 Nf6 3. Nf3 Nc6 4. g3 Bc5 5. d3 d6 6. Bg2 a5 7. 0-0 h6 8. Nd2 0-0 9. Nde4 Nxe4 10. Bxe4 Be6 11. Kh1 Qd7 12. f4 f5 13. Bg2 Rae8 14. e4 fxe4 15. Bxe4 Ne7 16. Bd2 c6 17. Bg2 exf4 18. Bxf4 Nf5 19. Qa4 Nd4 20. Rae1 Bh3 21. Qd1 Rxe1 22. Qxe1 Bxg2+ 23. Kxg2 Re8 24. Qd1 d5 25. cxd5 cxd5 26. Re1 Rxe1 27. Qxe1 Qf5 28. Qf1 Ne6 29. Bd2 Qe5 30. Qe2 Qxe2+ 31. Nxe2 b6 32. Nc3 Bb4 33. a3 Bxc3 34. Bxc3 Kf7 35. Kf3 Ke7 36. b4 axb4 37. Bxb4+ Kd7 38. Ke3 1/2-1/2

[Event "Oberliga Ost-B 0304"]
[Site "Germany"]
[Date "2004.03.28"]
[Round "9.4"]
[White "Broemel, Richard"]
[Black "Klink, Tamara"]
[Result "0-1"]
[WhiteElo "2168"]
[BlackElo "2301"]
[PlyCount "92"]
[EventDate "2003.11.02"]
[EventType "team-tourn"]
[EventRounds "11"]
[EventCountry "GER"]
[SourceTitle "EXT 2005"]
[Source "ChessBase"]
[SourceDate "2004.11.15"]
[SourceVersion "1"]
[SourceVersionDate "2004.11.15"]
[SourceQuality "1"]
[WhiteTeam "Jena Glas"]
[BlackTeam "Kassel Hermania"]
[WhiteTeamCountry "GER"]
[BlackTeamCountry "GER"]

1. d4 d5 2. Nf3 Nf6 3. Bf4 c5 4. e3 Qb6 5. Qc1 Nc6 6. c3 Bf5 7. Nbd2 e6 8. Nb3 c4 9. Nbd2 h6 10. Be2 Bh7 11. Ne5 Nxe5 12. Bxe5 Bd6 13. Bxd6 Qxd6 14. 0-0 0-0 15. Re1 b5 16. Bf3 Qc6 17. b3 Rab8 18. Qb2 Rfc8 19. b4 Rc7 20. Rec1 a6 21. Bd1 Qd6 22. Bc2 Bxc2 23. Qxc2 a5 24. Rcb1 Ra7 25. g3 Nd7 26. a4 axb4 27. Rxb4 bxa4 28. Raxa4 Rxa4 29. Rxa4 Qb6 30. Ra2 g6 31. e4 Qb7 32. e5 Ra8 33. h4 Rxa2 34. Qxa2 Qb5 35. Kg2 Nb6 36. Qb1 Qa5 37. Qc2 Na4 38. Nb1 Qb5 39. g4 Kg7 40. Kg3 Nb2 41. g5 h5 42. Nd2 Na4 43. Nb1 Kf8 44. Qa2 Qb3 45. Qa1 Kg7 46. f3 Qc2 0-1

[Event "BL 0304 (Women)"]
[Site "Germany"]
[Date "2004.02.29"]
[Round "7.5"]
[White "Fey, Franziska"]
[Black "Klink, Tamara"]
[Result "0-1"]
[WhiteElo "2041"]
[BlackElo "2301"]
[PlyCount "140"]
[EventDate "2003.11.29"]
[EventType "team-tourn"]
[EventRounds "11"]
[EventCountry "GER"]
[SourceTitle "EXT 2005"]
[Source "ChessBase"]
[SourceDate "2004.11.15"]
[SourceVersion "1"]
[SourceVersionDate "2004.11.15"]
[SourceQuality "1"]
[WhiteTeam "Rodewisch"]
[BlackTeam "Baden Oos (W)"]
[WhiteTeamCountry "GER"]
[BlackTeamCountry "GER"]

1. d4 d5 2. c4 c6 3. Nf3 Nf6 4. Nc3 e6 5. Bg5 h6 6. Bh4 dxc4 7. a4 Bb4 8. Rc1 b5 9. e3 Nbd7 10. Nd2 Qa5 11. Qf3 Nd5 12. axb5 cxb5 13. e4 Nxc3 14. bxc3 Qa3 15. Rc2 Be7 16. Bxe7 Qxe7 17. Rb2 a6 18. e5 Rb8 19. Qg3 0-0 20. Ne4 Bb7 21. Nd6 Nb6 22. Be2 Bd5 23. 0-0 Ra8 24. Bf3 Bxf3 25. Qxf3 Nd5 26. Qh3 Ra7 27. f4 f5 28. Qg3 Nb6 29. Ra1 Nc8 30. Nxc8 Rxc8 31. Qe1 Qc7 32. Rba2 a5 33. Qb1 Rb8 34. Rb2 b4 35. Ra4 Rab7 36. Qc2 bxc3 37. Rxb7 Qxb7 38. Rxc4 Qb1+ 39. Qxb1 Rxb1+ 40. Kf2 Rb2+ 41. Ke3 Rxg2 42. Rxc3 Rxh2 43. Rc8+ Kf7 44. Rc7+ Kf8 45. Rc8+ Ke7 46. Rc7+ Ke8 47. Ra7 Rh3+ 48. Ke2 Rh4 49. Ke3 g5 50. Ra6 Rh3+ 51. Ke2 Kd7 52. fxg5 hxg5 53. Rxa5 g4 54. Ra8 f4 55. Rf8 f3+ 56. Ke3 Rh2 57. Rf4 Re2+ 58. Kd3 Re1 59. Kd2 Rg1 60. Ke3 Kc6 61. Rf8 Re1+ 62. Kd2 Ra1 63. Ke3 g3 64. d5+ Kd7 65. d6 g2 66. Rf7+ Ke8 67. Re7+ Kf8 68. Rxe6 g1Q+ 69. Kxf3 Ra3+ 70. Kf4 Ra4+ 0-1

[Event "BL 0203 (Women)"]
[Site "Germany"]
[Date "2002.11.30"]
[Round "3.4"]
[White "Just, Anita"]
[Black "Klink, Tamara"]
[Result "0-1"]
[WhiteElo "2001"]
[BlackElo "2320"]
[PlyCount "90"]
[EventDate "2002.10.12"]
[EventType "team-tourn"]
[EventRounds "11"]
[EventCountry "GER"]
[SourceTitle "EXT 2004"]
[Source "ChessBase"]
[SourceDate "2003.11.25"]
[SourceVersion "1"]
[SourceVersionDate "2003.11.25"]
[SourceQuality "1"]
[WhiteTeam "Leipzig WBA (W)"]
[BlackTeam "Baden Oos (W)"]
[WhiteTeamCountry "GER"]
[BlackTeamCountry "GER"]

1. e4 c5 2. Nf3 Nc6 3. d4 cxd4 4. Nxd4 Nf6 5. Nc3 e5 6. Nf3 Bb4 7. Bd3 h6 8. 0-0 d6 9. h3 0-0 10. Be3 Be6 11. Qe2 Rc8 12. Nb5 a6 13. c3 Bc5 14. Bxc5 dxc5 15. Na3 b5 16. Rad1 Qe7 17. c4 b4 18. Nc2 Nh5 19. Qe3 Nf4 20. b3 Rcd8 21. Be2 Nd4 22. Bd3 Nxf3+ 23. Qxf3 Qg5 24. Kh2 Nxd3 25. Rxd3 Rxd3 26. Qxd3 Rd8 27. Qe3 Rd2 28. Rc1 Qxe3 29. fxe3 Bd7 30. Ne1 Bc6 31. Nf3 Rxa2 32. Rd1 f6 33. Rd8+ Kf7 34. Nd2 Ke7 35. Rd3 f5 36. Nf1 Rxg2+ 37. Kxg2 Bxe4+ 38. Kg3 Bxd3 39. Nd2 Bc2 40. Kf3 a5 41. Ke2 Kd6 42. Kf3 a4 43. bxa4 Bxa4 44. Ke2 e4 45. Nb1 Bc2 0-1

[Event "EU-Cup (Women) 07th"]
[Site "Antalya"]
[Date "2002.10.03"]
[Round "5.3"]
[White "Klink, Tamara"]
[Black "Foisor, Cristina Adela B"]
[Result "0-1"]
[WhiteElo "2320"]
[BlackElo "2419"]
[PlyCount "152"]
[EventDate "2002.09.29"]
[EventType "team-swiss"]
[EventRounds "7"]
[EventCountry "TUR"]
[SourceTitle "EXT 2013"]
[Source "ChessBase"]
[SourceDate "2012.11.22"]
[SourceVersion "1"]
[SourceVersionDate "2012.11.22"]
[SourceQuality "1"]
[WhiteTeam "Baden Oos (W)"]
[BlackTeam "Timisoara Luxten (W)"]
[WhiteTeamCountry "GER"]
[BlackTeamCountry "ROU"]

1. e4 c5 2. Nf3 a6 3. d4 cxd4 4. Nxd4 Nf6 5. Nc3 e5 6. Nf3 Bb4 7. Bd2 Nc6 8. Bd3 0-0 9. 0-0 d6 10. h3 Ne7 11. a3 Bxc3 12. Bxc3 Ng6 13. Re1 Qc7 14. Qd2 b6 15. Rad1 Bb7 16. Qg5 Rfe8 17. Nh4 h6 18. Qg3 Nh5 19. Qf3 Nxh4 20. Qxh5 Ng6 21. Bd2 Re6 22. Qe2 Rf6 23. Bc4 b5 24. Bb3 Nf4 25. Bxf4 exf4 26. f3 Re8 27. Rd3 Re5 28. Qd2 Rg5 29. Kh2 Kh7 30. c3 Bc8 31. Bc2 Re5 32. Rd1 Qe7 33. Kh1 g6 34. Rxd6 Kg7 35. Rxf6 Qxf6 36. Qd8 Qxd8 37. Rxd8 Rc5 38. Bb3 Kf6 39. Rf8 Be6 40. Bxe6 Kxe6 41. g3 fxg3 42. Kg2 Rc6 43. Rd8 a5 44. Rb8 Rc5 45. Kxg3 a4 46. Kf4 Rh5 47. Rb6+ Ke7 48. Ke3 Kd7 49. h4 Ke7 50. Kd4 Kd7 51. Ke3 Ke7 52. Kf2 Rxh4 53. Rxb5 Rh2+ 54. Ke3 h5 55. f4 h4 56. Kf3 Kd6 57. Rb4 f6 58. Kg4 Ke6 59. Rxa4 f5+ 60. exf5+ gxf5+ 61. Kg5 h3 62. Ra6+ Kd5 63. Rh6 Ke4 64. Re6+ Kf3 65. b4 Rc2 66. Rh6 Kg3 67. b5 Rxc3 68. a4 Ra3 69. b6 Rxa4 70. Rh7 h2 71. Kxf5 Rxf4+ 72. Ke6 Rb4 73. Rg7+ Kf3 74. Rf7+ Ke4 75. Rg7 Kf4 76. Rf7+ Ke4 0-1

[Event "Hessenliga 0102"]
[Site "Germany"]
[Date "2001.11.04"]
[Round "3.2"]
[White "Klink, Tamara"]
[Black "Starke, Dieter"]
[Result "1-0"]
[WhiteElo "2320"]
[BlackElo "2219"]
[PlyCount "69"]
[EventDate "2001.10.??"]
[EventType "team"]
[EventRounds "9"]
[EventCountry "GER"]
[SourceTitle "EXT 2003"]
[Source "ChessBase"]
[SourceDate "2002.11.25"]
[SourceVersion "1"]
[SourceVersionDate "2002.11.25"]
[SourceQuality "1"]
[WhiteTeam "Kassel"]
[BlackTeam "Marburg"]
[WhiteTeamCountry "GER"]
[BlackTeamCountry "GER"]

1. e4 e6 2. d4 d5 3. Nc3 Nf6 4. Bg5 Bb4 5. e5 h6 6. Bd2 Bxc3 7. bxc3 Ne4 8. Qg4 g6 9. Bd3 Nxd2 10. Kxd2 c5 11. Nf3 Bd7 12. Qf4 Qc7 13. Qf6 Rg8 14. h4 Bc6 15. Qf4 c4 16. Be2 h5 17. Ng5 Qe7 18. g4 hxg4 19. Bxg4 Nd7 20. Rag1 Rf8 21. h5 0-0-0 22. hxg6 fxg6 23. Qe3 Rxf2+ 24. Qxf2 Qxg5+ 25. Qe3 Qe7 26. Rh6 Nf8 27. Qf4 Bd7 28. Rgh1 b5 29. Rh8 Qg7 30. Qf6 Qxf6 31. exf6 e5 32. Bxd7+ Kxd7 33. dxe5 Ke6 34. Rg8 Kxe5 35. Rhh8 1-0